000
00332nam a2200133Ia 4500
008
240624s9999 xx 000 0 und d
041
_a
eng
082
_a
658.827 RAM
100
_a
RAMANUJAM S
245
_a
BRANDS COST CONCEPTS AND CASE STUDIES
260
_c
2003
_a
New Delhi
_b
taxmann
300
_a
181 : p. : cm. ; 24
365
_c
RS
999
_c
3559
_d
3559